Name That Classic Movie - Statistics

General Stats
  • This quiz has been taken 290 times
  • The average score is 15 of 38
Answer Stats
Year Director(s) Stars Genre Answer % Correct
1968 Stanley Kubrick Keir Dullea, Gary Lockwood, William Sylvester Epic Science Fiction 2001: A Space Odyssey
83%
1960 Alfred Hitchcock Anthony Perkins, Vera Miles, John Gavin, Janet Leigh, Martin Balsam Psychological Horror Psycho
79%
1968 Roman Polanski Mia Farrow, John Cassavetes, Ruth Gordon, Sidney Blackmer, Maurice Evans, Ralph Bellamy Psychological Horror Rosemary's Baby
73%
1966 Sergio Leone Clint Eastwood, Eli Wallach, Lee Van Cleef Western The Good, The Bad and the Ugly
73%
1942 Michael Curtiz Humphrey Bogart, Ingrid Bergman, Paul Henreid, Claude Rains, Conrad Veidt, Sydney Greenstreet, Peter Lorre Romantic Drama Casablanca
71%
1941 Orson Welles Orson Welles, Joseph Cotten, Dorothy Comingore, Ray Collins, Agnes Moorehead Drama Citizen Kane
70%
1958 Alfred Hitchcock James Stewart, Kim Novak, Barbara Bel Geddes, Tom Helmore, Henry Jones Film Noir Vertigo
67%
1954 Alfred Hitchcock James Stewart, Grace Kelly, Wendell Corey, Thelma Ritter, Raymond Burr Mystery Thriller Rear Window
66%
1969 Dennis Hopper Peter Fonda, Dennis Hopper, Jack Nicholson Drama, Road Film Easy Rider
65%
1964 Stanley Kubrick Peter Sellers, George C. Scott, Sterling Hayden, Keenan Wynn, Slim Pickens Black Comedy/ Satire Dr. Strangelove or: How I Learned to Stop Worrying and Love the Bomb
64%
1954 Elia Kazan Marlon Brando, Karl Malden, Lee J. Cobb, Rod Steiger, Pat Henning, Eva Marie Saint Crime Drama On the Waterfront
59%
1961 Robert Wise, Jerome Robbins Natalie Wood, Richard Beymer, Rita Moreno, George Chakiris, Russ Tamblyn Musical Romantic Drama West Side Story
57%
1965 David Lean Omar Sharif, Julie Christie, Geraldine Chaplin, Rod Steiger, Alec Guinness, Tom Courtenay Epic Romantic Drama Doctor Zhivago
52%
1963 John Sturges Steve McQueen, James Garner, Richard Attenborough, James Donald, Charles Bronson, Donald Pleasence, James Coburn War The Great Escape
51%
1954 Akira Kurosawa Toshiro Mifune, Takashi Shimura, Keiko Tsushima, Isao Kimura, Daisuke Katō, Seiji Miyaguchi Action Adventure Seven Samurai
49%
1951 John Huston Humphrey Bogart, Katharine Hepburn, Robert Morley Adventure, Drama, Romance African Queen
44%
1927 Fritz Lang Alfred Abel, Brigitte Helm, Gustav Fröhlich, Rudolf Klein-Rogge Science Fiction Metropolis
44%
1962 Stanley Kubrick James Mason, Shelley Winters, Peter Sellers, Sue Lyon Comedy-Drama Lolita
41%
1967 Mel Brooks Zero Mostel, Gene Wilder, Dick Shawn, Kenneth Mars Satire The Producers
41%
1968 Sergio Leone Claudia Cardinale, Henry Fonda, Jason Robards, Charles Bronson, Gabriele Ferzetti Western Once Upon a Time in the West
39%
1968 Peter Yates Steve McQueen, Robert Vaughn, Jacqueline Bisset, Don Gordon, Simon Oakland Action-Crime-Thriller Bullitt
38%
1944 Billy Wilder Fred MacMurray, Barbara Stanwyck, Edward G. Robinson, Porter Hall, Jean Heather Film Noir Double Indemnity
37%
1953 George Stevens Alan Ladd, Jean Arthur, Van Heflin, Brandon deWilde, Jack Palance Western Shane
30%
1960 Federico Fellini Marcello Mastroianni, Anita Ekberg, Anouk Aimée, Yvonne Furneaux, Alain Cuny Comedy-Drama La Dolce Vita
29%
1956 Stanley Kubrick Sterling Hayden, Coleen Gray, Vince Edwards, Jay C. Flippen, Ted de Corsia Film Noir The Killing
24%
1964 Cy Endfield Stanley Baker, Jack Hawkins, Ulla Jacobsson, James Booth, Michael Caine War Epic Zulu
23%
1967 Jean-Pierre Melville Alain Delon, François Périer, Nathalie Delon, Cathy Rosier Neo-Noir Le Samouraï
21%
1956 Don Siegel Kevin McCarthy, Dana Wynter, Larry Gates, King Donovan, Carolyn Jones Science Fiction Horror Invasion of the Body Snatchers
19%
1954 Gordon Douglas James Whitmore, Edmund Gwenn, Joan Weldon, James Arness Science Fiction Horror Them!
17%
1965 Sidney J. Furie Michael Caine, Nigel Green, Guy Doleman, Sue Lloyd, Gordon Jackson, Frank Gatliff Spy Thriller The Ipcress File
15%
1956 Roger Vadim Brigitte Bardot, Curd Jürgens, Jean-Louis Trintignant, Jane Marken Romantic Drama And God Created Woman
13%
1955 Stanley Kubrick Frank Silvera, Jamie Smith, Irene Kane, Jerry Jarrett Film Noir Killer's Kiss
13%
1962 Roman Polanski Leon Niemczyk, Jolanta Umecka, Zygmunt Malanowicz Drama Knife in the Water
11%
1953 Laslo Benedek Marlon Brando, Mary Murphy, Robert Keith, Lee Marvin Crime Drama The Wild One
11%
1955 Jules Dassin Jean Servais, Robert Hossein, Magali Noël, Janine Darcey, Pierre Grasset, Marcel Lupovici, Robert Manuel, Carl Möhner Crime Rififi
9%
1967 Roger Corman Peter Fonda, Dennis Hopper, Susan Strasberg, Bruce Dern Counterculture Psychedelia The Trip
9%
1963 Don Chaffey Todd Armstrong, Nancy Kovack, Honor Blackman, Gary Raymond, Laurence Naismith Mythological Fantasy Adventure Jason and the Argonauts
8%
1946 Edmund Goulding Tyrone Power, Gene Tierney, John Payne, Herbert Marshall, Anne Baxter, Clifton Webb Romantic Drama The Razor's Edge
6%
No matching quizzes found
Score Distribution
Percent of People with Each Score
Percentile by Number Answered
Your Score History
You have not taken this quiz